000 00751nam a2200277 a 4500
001 000107706
003 CHAP
005 20220329143940.0
008 131017s2011 mx |r| ||||||spa d
010 _a104168
011 _a105140
020 _a9786077070399
040 _cCHAP
082 0 4 _a158.2
_bC26
100 1 _aCarballo, María del Carmen
_9124434
245 1 0 _aCoaching para quienes viven con TDAH /
_cpor María del Carmen Carballo.
260 _aMéxico :
_bPearson,
_c2011.
300 _a215 p.
590 _aE11695DGD
_b10
_c20131017
_lUCH01
_h1304
650 1 4 _aComunicación
_926206
650 1 4 _aMotivación (Psicología)
_979090
650 1 4 _aPsicología aplicada.
_992607
901 _aBK
942 _cLIBRO
942 _n0
999 _c104168
_d104168